Pitágoras I:ciclo inicial EGB, Guía Didáctica, Cuadernos de cálculo

Gespeichert in:
Bibliographische Detailangaben
1. Verfasser: Ayuso, Juan. Autor
Weitere Verfasser: Bujanda Jaúregui, Mª Paz. Autora
Format: Buch
Sprache:Spanisch
Erschienen: Madrid SM 1981
Katalog:MANES:  Suchergebnis im Bibliothekskatalog
Schulbuchspezifische Eigenschaften:
Tags: Tag hinzufügen
Keine Tags, Fügen Sie den ersten Tag hinzu!
Hinzugefügt zu:20.05.2019
Geändert in:07.05.2025

MARC

LEADER 00000nam a2200000Ia 4500
003 aOSt
005 20250507133416.0
008 190521s9999 xx 000 0 spa d
561 |5 es-CICE  |3 FMa/M396  |a España. Centro Internacional de la Cultura Escolar  |k MANES 
999 |c 104666  |d 104666 
020 |a 8434810166 
040 |c Centro_internacional de la cultura escolar  |a centro_manes 
080 |a 372.851 
100 |a Ayuso, Juan. Autor  |9 4137 
245 1 1 |a Pitágoras I:ciclo inicial EGB, Guía Didáctica, Cuadernos de cálculo 
260 |a Madrid   |b SM  |c 1981 
300 |a 303 p.  |c 25 x 19 cm 
500 |a Libro para el profesor con programa y sugerencias metodológicas 
546 |a España 
690 0 |a MATE 
691 0 |a PRI 
700 |9 1960  |a Bujanda Jaúregui, Mª Paz. Autora 
942 |c BK  |2 ddc 
999 |c manes:104666  |d 104666